Administración de ventas/ (Registro nro. 9167)
[ vista simple ]
| 000 -LEADER | |
|---|---|
| fixed length control field | 00967nam a2200217Ia 4500 |
| 005 - FECHA Y HORA DE LA ÚLTIMA TRANSACCIÓN | |
| control field | 20230906153901.0 |
| 008 - FIXED-LENGTH DATA ELEMENTS--GENERAL INFORMATION | |
| fixed length control field | 230903s9999 xx 000 0 und d |
| 020 ## - INTERNATIONAL STANDARD BOOK NUMBER | |
| International Standard Book Number | 970-10-0673-2 |
| 040 ## - CATALOGING SOURCE | |
| Original cataloging agency | UPAN |
| Transcribing agency | Biblioteca San Vicente |
| Description conventions | RCAA2 |
| 041 ## - LANGUAGE CODE | |
| Language code of text/sound track or separate title | spa |
| 082 ## - DEWEY DECIMAL CLASSIFICATION NUMBER | |
| Classification number | 658.81 |
| Item number | A534a |
| año de publicación | 1995 |
| 100 ## - MAIN ENTRY--PERSONAL NAME | |
| Personal name | Anderson, Rolph E. |
| Relator code | aut. |
| 245 #0 - TITLE STATEMENT | |
| Title | Administración de ventas/ |
| Statement of responsibility, etc | Rolph E. Anderson, Joseph F. Hair, Alan J. Bush |
| 250 ## - EDITION STATEMENT | |
| Edition statement | 2° ed. |
| 260 ## - PUBLICATION, DISTRIBUTION, ETC. (IMPRINT) | |
| Place of publication, distribution, etc | México: |
| Name of publisher, distributor, etc | McGraw Hill, |
| Date of publication, distribution, etc | 1995 |
| 300 ## - PHYSICAL DESCRIPTION | |
| Extent | 588 p.; |
| Dimensions | 24 cm. |
| 505 ## - FORMATTED CONTENTS NOTE | |
| Formatted contents note | 1. Visión general de las ventas personales y de la administración de ventas<br/>2. Planeación y organización de la fuerza de ventas <br/>3. Desarrollo de la fuerza de ventas<br/>4. Dirección de la fuerza de ventas<br/>5. Control y evaluación de la fuerza de ventas<br/>6. El entorno para el personal de ventas y la gerencia de ventas |
| 650 ## - SUBJECT ADDED ENTRY--TOPICAL TERM | |
| Source of heading or term | LEMB |
| General subdivision | Administración de ventas |
| 700 ## - ADDED ENTRY--PERSONAL NAME | |
| Personal name | F. Hair, Joseph |
| Relator code | aut. |
| 942 ## - ADDED ENTRY ELEMENTS (KOHA) | |
| Koha item type | Libros |
| Source of classification or shelving scheme | Dewey Decimal Classification |
| Withdrawn status | Lost status | Source of classification or shelving scheme | Damaged status | Not for loan | Collection code | Home library | Current library | Date acquired | Total Checkouts | Full call number | Barcode | Date last seen | Copy number | Price effective from | Koha item type |
|---|---|---|---|---|---|---|---|---|---|---|---|---|---|---|---|
| Dewey Decimal Classification | Colección General | Biblioteca UPAN San Vicente | Biblioteca UPAN San Vicente | 03/09/2023 | 658.81 A534a | 12003291 | 03/09/2023 | 01 | 03/09/2023 | Libros | |||||
| Dewey Decimal Classification | Colección General | Biblioteca UPAN San Vicente | Biblioteca UPAN San Vicente | 06/09/2023 | 658.81 A534a | 12003292 | 06/09/2023 | 02 | 06/09/2023 | Libros | |||||
| Dewey Decimal Classification | Colección General | Biblioteca UPAN San Vicente | Biblioteca UPAN San Vicente | 06/09/2023 | 658.81 A534a | 12003293 | 06/09/2023 | 03 | 06/09/2023 | Libros |